00606nam a22002057a 450000500170000001000140001702000260003102000230005703500130008003700130009308200110010624501050011726000380022227000420026030000280030250000210033070000160035170000190036770000140038620100724134216.0 aENG-96507 a9780070706789c275.00 a0070706794c275.00 aEN-80040 bDBAD/PUB a305.26 aGender and Ageing :bChanging Role And Relationships /cEdited by Sara Arber, Kate Davidson,Jay Ginn aNew DelhibTata McGraw Hillc2010 a7 West Patel NagarbNew Delhie110008 aviii,213p.c22 cm (pbk) aincludes indexes aArber, Sara aDavidson, Kate aGinn, Jay